| 000 | 00445nam a2200181Ia 4500 | ||
|---|---|---|---|
| 001 | 8263 | ||
| 005 | 20260306160556.0 | ||
| 008 | 260306t2002||||xx |||||||||||||| ||spa|| | ||
| 041 | _aESP | ||
| 082 |
_a370.1523 _bB35 |
||
| 100 |
_aBeltran N., Roberto J. _eAUT |
||
| 245 | 0 | _aAprendizaje intensivo a dedicación exclusiva | |
| 260 | _c2002 | ||
| 300 |
_a160 pƔginas : _c20 cm. |
||
| 650 | _aGEN | ||
| 654 | _aCED | ||
| 942 |
_cLIB _dJUS _fJUS _2ddc _n |
||
| 999 |
_c8263 _d8263 |
||